Deník malého poseroutky. Výlet za všechny peníze /
Pokračování humorných deníkových zápisků dvanáctiletého Grega, tentokrát z rodinného výletu.
Uloženo v:
| Série: | Deník malého poseroutky,
část 9 |
|---|---|
| Hlavní autor: | |
| Další autoři: | , , |
| Médium: | E-audiokniha |
| Jazyk: | Czech |
| Vydáno: |
[Praha] :
Voxi,
[2021]
|
| Témata: | |
| Příbuzné jednotky: | Z cyklu::
Deník malého poseroutky |
| Tagy: |
Žádné tagy |
| LEADER | 02945nim a2200721 i 4500 | ||
|---|---|---|---|
| 001 | 313142 | ||
| 003 | CZ PrSKC | ||
| 005 | 20260601215736.0 | ||
| 007 | sd fungnnmmned | ||
| 008 | 220113p20212021xr nnnnj h n cze | ||
| 015 | |a cnb003391436 | ||
| 024 | 3 | |a 8594050432581 | |
| 040 | |a ABA001 |b cze |e rda | ||
| 041 | 1 | |d cze |h eng | |
| 072 | 7 | |a 821.111(73)-3 |x Americká próza |2 Konspekt | |
| 072 | 7 | |a 821-93 |x Literatura pro děti a mládež (beletrie) |2 Konspekt | |
| 080 | |a 821.111(73)-32 |2 MRF | ||
| 080 | |a (0:82-321.5) |2 MRF | ||
| 080 | |a (086.7.053.2) |2 MRF | ||
| 080 | |a (086.7)08 |2 MRF | ||
| 080 | |a (086.76) |2 MRF | ||
| 100 | 1 | |a Kinney, Jeff, |d 1971- |7 xx0093180 |4 aut | |
| 240 | 1 | 0 | |a Long a haul. |l Česky |
| 245 | 1 | 0 | |a Deník malého poseroutky. |p Výlet za všechny peníze / |c Jeff Kinney ; z angličtiny přeložila Veronika Volhejnová |
| 246 | 3 | 0 | |a Výlet za všechny peníze |
| 264 | 1 | |a [Praha] : |b Voxi, |c [2021] | |
| 264 | 4 | |c ©2021 | |
| 300 | |a 1 CD audio (74:44) ; |c 12 cm | ||
| 306 | |a 011444 | ||
| 336 | |a mluvené slovo |b spw |2 rdacontent | ||
| 337 | |a audio |b s |2 rdamedia | ||
| 338 | |a audiodisk |b sd |2 rdacarrier | ||
| 344 | |a digital |b optical |2 rda | ||
| 347 | |a audio soubor |b CD audio |2 rda | ||
| 500 | |a Název z disku | ||
| 500 | |a Copyright Albatros Media | ||
| 500 | |a Na pouzdře: 9 | ||
| 508 | |a Režie Jan Jiráň | ||
| 511 | 0 | |a Vypráví Václav Kopta | |
| 518 | |o Nahráno |d 2021 |p zvukové studio Professional Sound, Praha | ||
| 520 | 2 | |a Pokračování humorných deníkových zápisků dvanáctiletého Grega, tentokrát z rodinného výletu. | |
| 655 | 7 | |a americké příběhy |7 fd131795 |2 czenas | |
| 655 | 7 | |a humoristické příběhy |7 fd132430 |2 czenas | |
| 655 | 7 | |a zvukové záznamy pro děti a mládež |7 fd186726 |2 czenas | |
| 655 | 7 | |a audioknihy |7 fd119452 |2 czenas | |
| 655 | 7 | |a kompaktní disky |7 fd201991 |2 czenas | |
| 700 | 1 | |a Volhejnová, Veronika, |d 1962- |7 jn20010309724 |4 trl | |
| 700 | 1 | |a Jiráň, Jan, |d 1957- |7 jn20000401255 |4 drt | |
| 700 | 1 | |a Kopta, Václav, |d 1965- |7 jo2002140130 |4 nrt | |
| 765 | 1 | |t Diary of a wimpy kid | |
| 787 | 0 | 8 | |i Z cyklu: |t Deník malého poseroutky |g 9 |
| 900 | |a ABA001 |b 19 | ||
| 044 | |a xr | ||
| 505 | 0 | 0 | |t Denik malého poseroutky 9 (7 min., 43 sek.) |
| 505 | 0 | 0 | |t Denik maleho poseroutky 9 (18 min., 11 sek.) |
| 505 | 0 | 0 | |t Denik maleho poseroutky 9 (12 min., 38 sek.) |
| 505 | 0 | 0 | |t Denik maleho poseroutky 9 (7 min., 17 sek.) |
| 505 | 0 | 0 | |t Denik maleho poseroutky 9 (20 min., 3 sek.) |
| 505 | 0 | 0 | |t Denik maleho poseroutky 9 (6 min., 17 sek.) |
| 505 | 0 | 0 | |t Denik maleho poseroutky 9 (2 min., 46 sek.) |
| 910 | |a RBIT002 | ||
| 998 | |d 362511 |a https://core.palmknihy.cz/api/books/362511/cover?sic3h3 |b https://core.palmknihy.cz/api/books/362511/cover/400?sic3h3 |c https://core.palmknihy.cz/api/books/362511/cover/50?sic3h3 |e 2028-12-31 |i 8594050432581 |l 4500 |q 49 |r 1 |s https://www.palmknihy.cz/kniha/362511 |t audiobook |y 2021 |z 0 | ||
| 999 | |d 313140 | ||